[Event "Oberliga NRW 1516"]
[Site "Germany"]
[Date "2015.09.27"]
[Round "1.6"]
[White "Van Dooren, Dirk"]
[Black "Kamp, Christoph"]
[Result "1/2-1/2"]
[WhiteElo "2270"]
[BlackElo "2172"]
[PlyCount "72"]
[EventDate "2015.09.27"]
[EventType "team-tourn"]
[EventRounds "9"]
[EventCountry "GER"]
[SourceTitle "EXT 2017"]
[Source "ChessBase"]
[SourceDate "2016.10.25"]
[SourceVersion "1"]
[SourceVersionDate "2016.10.25"]
[SourceQuality "1"]
[WhiteTeam "Aachen Aufwaerts II"]
[BlackTeam "Muenster"]
[WhiteTeamCountry "GER"]
[BlackTeamCountry "GER"]

1. e4 e6 2. d3 d5 3. Nd2 Nf6 4. Ngf3 b6 5. g3 Bb7 6. Bg2 dxe4 7. Ng5 Nbd7 8. Ndxe4 Nxe4 9. Nxe4 Nc5 10. Qe2 Nxe4 11. Bxe4 Bxe4 12. dxe4 Bc5 13. Bd2 0-0 14. 0-0-0 Qe7 15. Bc3 Rfd8 16. f3 c6 17. Qa6 Rxd1+ 18. Rxd1 Rd8 19. Rxd8+ Qxd8 20. b4 Be3+ 21. Kb2 Qd7 22. a4 b5 23. Kb3 h5 24. axb5 cxb5 25. Be5 Bb6 26. Qa1 f6 27. Bc3 e5 28. Qf1 a6 29. f4 Bd4 30. Bxd4 Qxd4 31. Qd3 Qa1 32. c3 Kh7 33. h3 Qc1 34. fxe5 fxe5 35. Qf3 Qb1+ 36. Ka3 Qa1+ 1/2-1/2

[Event "Vlissingen HZ op 19th"]
[Site "Vlissingen"]
[Date "2015.08.04"]
[Round "5"]
[White "Van Dooren, Dirk"]
[Black "Sekandar, Kambiz"]
[Result "1-0"]
[WhiteElo "2333"]
[BlackElo "2130"]
[PlyCount "71"]
[EventDate "2015.08.01"]
[EventType "swiss"]
[EventRounds "9"]
[EventCountry "NED"]
[SourceTitle "CBM 167 Extra"]
[Source "ChessBase"]
[SourceDate "2015.09.14"]
[SourceVersion "1"]
[SourceVersionDate "2015.09.14"]
[SourceQuality "1"]

1. e4 c6 2. d4 d5 3. exd5 cxd5 4. c3 Bf5 5. Nf3 e6 6. Qb3 Qb6 7. Na3 Nf6 8. Qxb6 axb6 9. Nb5 Na6 10. Bf4 Nd7 11. Kd2 Be7 12. Nd6+ Bxd6 13. Bxd6 Nab8 14. Bb5 f6 15. Nh4 Bg6 16. Rhe1 Kf7 17. c4 Rd8 18. cxd5 e5 19. f4 Na6 20. Nxg6 hxg6 21. fxe5 fxe5 22. Bxd7 Rxd7 23. dxe5 Kg8 24. Ke3 Re8 25. Kf2 Nc5 26. Rad1 Na4 27. Ba3 Nc5 28. Bxc5 bxc5 29. Kf3 Kf8 30. Ke4 Ke7 31. Re3 b6 32. d6+ Ke6 33. Rg3 Ra7 34. Rxg6+ Kf7 35. Kf5 Rxa2 36. e6+ 1-0

[Event "Vlissingen HZ op 19th"]
[Site "Vlissingen"]
[Date "2015.08.03"]
[Round "4"]
[White "Kampman, Tijmen"]
[Black "Van Dooren, Dirk"]
[Result "0-1"]
[WhiteElo "2102"]
[BlackElo "2333"]
[PlyCount "66"]
[EventDate "2015.08.01"]
[EventType "swiss"]
[EventRounds "9"]
[EventCountry "NED"]
[SourceTitle "CBM 167 Extra"]
[Source "ChessBase"]
[SourceDate "2015.09.14"]
[SourceVersion "1"]
[SourceVersionDate "2015.09.14"]
[SourceQuality "1"]

1. c4 f5 2. g3 Nf6 3. Bg2 e6 4. Nc3 Be7 5. Nf3 0-0 6. 0-0 d6 7. d3 Nc6 8. a3 Qe8 9. b4 Qh5 10. b5 Nd8 11. Ne1 a6 12. a4 axb5 13. cxb5 d5 14. d4 Ne4 15. Nxe4 fxe4 16. f3 c6 17. b6 e5 18. Ba3 Bxa3 19. Rxa3 Ne6 20. Nc2 exf3 21. exf3 exd4 22. Nxd4 Qe5 23. Nxe6 Bxe6 24. Qa1 Qd6 25. Re1 d4 26. f4 Bf5 27. a5 d3 28. Ra4 Qc5+ 29. Qd4 Rxa5 30. Bf3 Rd8 31. Qxc5 Rxc5 32. Rd1 d2 33. Ra2 Bc2 0-1

[Event "Vlissingen HZ op 19th"]
[Site "Vlissingen"]
[Date "2015.08.02"]
[Round "2"]
[White "Van Dooren, Dirk"]
[Black "Dijkstra, Arjan"]
[Result "1-0"]
[WhiteElo "2333"]
[BlackElo "2051"]
[PlyCount "63"]
[EventDate "2015.08.01"]
[EventType "swiss"]
[EventRounds "9"]
[EventCountry "NED"]
[SourceTitle "CBM 167 Extra"]
[Source "ChessBase"]
[SourceDate "2015.09.14"]
[SourceVersion "1"]
[SourceVersionDate "2015.09.14"]
[SourceQuality "1"]

1. f4 c5 2. Nf3 g6 3. g3 Nc6 4. Bg2 Bg7 5. 0-0 d5 6. d3 Nf6 7. c3 0-0 8. Na3 Re8 9. Nh4 e5 10. f5 gxf5 11. Nxf5 Bxf5 12. Rxf5 Re6 13. Qf1 Ne7 14. Rf2 Ng4 15. Bh3 Nxf2 16. Bxe6 fxe6 17. Qxf2 Qc7 18. e4 Qc6 19. Bg5 Rf8 20. Qe2 Nc8 21. Re1 b5 22. Nc2 d4 23. Rf1 Rxf1+ 24. Kxf1 c4 25. dxc4 bxc4 26. Nb4 Qc7 27. Qh5 Nd6 28. cxd4 exd4 29. Bf4 e5 30. Bxe5 Qc5 31. Nd5 c3 32. Ne7+ 1-0

[Event "Maastricht Limburg op-A 9th"]
[Site "Maastricht"]
[Date "2015.05.24"]
[Round "5"]
[White "Henrichs, Thomas"]
[Black "Van Dooren, Dirk"]
[Result "0-1"]
[WhiteElo "2471"]
[BlackElo "2284"]
[PlyCount "80"]
[EventDate "2015.05.22"]
[EventType "swiss"]
[EventRounds "7"]
[EventCountry "NED"]
[SourceTitle "CBM 166 Extra"]
[Source "ChessBase"]
[SourceDate "2015.06.18"]
[SourceVersion "1"]
[SourceVersionDate "2015.06.18"]
[SourceQuality "1"]

1. d4 f5 2. Nf3 Nf6 3. c4 e6 4. Nc3 Be7 5. Bf4 d6 6. h3 Ne4 7. e3 Nxc3 8. bxc3 Nc6 9. Be2 Bf6 10. Bh2 0-0 11. 0-0 e5 12. Rb1 Qe7 13. c5 dxc5 14. dxe5 Bxe5 15. Nxe5 Nxe5 16. Qd5+ Nf7 17. Rb5 c6 18. Qxc5 Qxc5 19. Rxc5 Rd8 20. Rb1 Rd2 21. Bc4 Kf8 22. f3 Nd6 23. Bf1 Ke7 24. a4 Bd7 25. Ra5 b5 26. axb5 cxb5 27. Rba1 Nc4 28. Ra6 Be6 29. Rb1 Bc8 30. Rc6 Bd7 31. Ra6 Bc8 32. Raa1 Bd7 33. Bxc4 bxc4 34. Ra5 g5 35. Rb7 g4 36. hxg4 fxg4 37. Re5+ Kf6 38. Bf4 gxf3 39. gxf3 Rg8+ 40. Kh1 Bc6 0-1

[Event "Maastricht Limburg op-A 9th"]
[Site "Maastricht"]
[Date "2015.05.24"]
[Round "4"]
[White "Van Dooren, Dirk"]
[Black "Lentjes, Noud"]
[Result "1-0"]
[WhiteElo "2284"]
[BlackElo "2091"]
[PlyCount "83"]
[EventDate "2015.05.22"]
[EventType "swiss"]
[EventRounds "7"]
[EventCountry "NED"]
[SourceTitle "CBM 166 Extra"]
[Source "ChessBase"]
[SourceDate "2015.06.18"]
[SourceVersion "1"]
[SourceVersionDate "2015.06.18"]
[SourceQuality "1"]

1. f4 c5 2. Nf3 Nc6 3. d3 d5 4. g3 Nf6 5. Bg2 g6 6. 0-0 Bg7 7. c3 0-0 8. Na3 b6 9. Qa4 Bb7 10. e4 e6 11. e5 Nd7 12. Nb5 Ne7 13. Nd6 Bc6 14. Qd1 Qc7 15. g4 Nc8 16. Nxc8 Raxc8 17. Be3 Rfd8 18. Qd2 Bb7 19. Bf2 Nf8 20. Bh4 Rd7 21. d4 b5 22. dxc5 Qxc5+ 23. Bf2 Qe7 24. Bxa7 b4 25. cxb4 Ba6 26. Bd4 Bxf1 27. Bxf1 Rdc7 28. Bd3 Nd7 29. g5 Rb8 30. a3 Bf8 31. Qe3 Qd8 32. Kf2 Qc8 33. h4 Be7 34. h5 Nf8 35. hxg6 fxg6 36. Nh2 Rc2+ 37. Bxc2 Qxc2+ 38. Qe2 Qf5 39. Kg3 Rc8 40. Ng4 Kg7 41. Qf3 Rc4 42. Ne3 1-0

[Event "Maastricht Limburg op-A 9th"]
[Site "Maastricht"]
[Date "2015.05.23"]
[Round "2"]
[White "Van Dooren, Dirk"]
[Black "Lenaerts, Lennert"]
[Result "1-0"]
[WhiteElo "2284"]
[BlackElo "2203"]
[PlyCount "91"]
[EventDate "2015.05.22"]
[EventType "swiss"]
[EventRounds "7"]
[EventCountry "NED"]
[SourceTitle "CBM 166 Extra"]
[Source "ChessBase"]
[SourceDate "2015.06.18"]
[SourceVersion "1"]
[SourceVersionDate "2015.06.18"]
[SourceQuality "1"]

1. e4 e5 2. f4 exf4 3. Nf3 g5 4. Nc3 Bg7 5. g3 d6 6. d4 g4 7. Nh4 f3 8. Be3 Ne7 9. Qd2 h5 10. 0-0-0 c6 11. Re1 Nd7 12. h3 Nb6 13. Nf5 Bxf5 14. exf5 Qd7 15. f6 Bxf6 16. Bg5 Qf5 17. Bxf6 Qxf6 18. Ne4 Qg6 19. hxg4 0-0-0 20. g5 Nf5 21. Bh3 Kb8 22. Rhf1 Nc4 23. Qc3 d5 24. Bxf5 Qxf5 25. Rxf3 Qg6 26. Rf6 Qg7 27. Rf5 Qg6 28. Ref1 Rhe8 29. Nc5 Nd6 30. Qb4 Re7 31. Re5 Rxe5 32. dxe5 Qxg5+ 33. Kb1 Qxe5 34. Rxf7 b6 35. Nd7+ Rxd7 36. Rxd7 c5 37. Qd2 Qe6 38. Rh7 Qf5 39. Rh8+ Kb7 40. Qf4 Qe6 41. Rh7+ Kb8 42. a3 Ka8 43. Rxh5 Nc4 44. Rh7 Qe1+ 45. Ka2 Nd2 46. Qf8+ 1-0

[Event "NRW Class2 1415"]
[Site "Germany"]
[Date "2015.04.26"]
[Round "9.4"]
[White "Van Dooren, Dirk"]
[Black "Werrn, Pascal"]
[Result "1-0"]
[WhiteElo "2196"]
[BlackElo "2019"]
[PlyCount "49"]
[EventDate "2014.09.14"]
[EventType "team-tourn"]
[EventRounds "9"]
[EventCountry "GER"]
[SourceTitle "EXT 2017"]
[Source "ChessBase"]
[SourceDate "2016.10.25"]
[SourceVersion "1"]
[SourceVersionDate "2016.10.25"]
[SourceQuality "1"]
[WhiteTeam "Aachen Aufwaerts II"]
[BlackTeam "Castrop Rauxel"]
[WhiteTeamCountry "GER"]
[BlackTeamCountry "GER"]

1. e4 c5 2. Nf3 Nc6 3. d4 cxd4 4. Nxd4 Nf6 5. Nc3 e5 6. Ndb5 d6 7. Bg5 a6 8. Na3 b5 9. Bxf6 gxf6 10. Nd5 f5 11. c3 Bg7 12. Bd3 Be6 13. Qh5 0-0 14. 0-0 fxe4 15. Bxe4 f5 16. Nf6+ Qxf6 17. Bxc6 Rab8 18. Rfd1 b4 19. cxb4 e4 20. Rxd6 Qxb2 21. Rb1 Qxa3 22. Rxe6 Qxa2 23. Rd1 Rxb4 24. Bd5 Qa5 25. Rxa6+ 1-0